000 00740nam a2200253 i 4500
001 13514
003 ES-MaACL
005 20251015063040.0
007 t|
008 980427s1992 sp ||||1| spa d
020 _a84-7100-397-X
080 _a314.7(44)
080 _a9(=144:7/8)
100 1 _aMeyer, Jean,
_d1942-
_9140624
245 1 0 _aFrancia y América
_b: del siglo XVI al siglo XX /
_cJean Meyer.
260 _aMadrid :
_bMAPFRE,
_c[1992]
300 _a237 p. ;
_c23 cm.
490 1 _aEuropa y América ;
_v2
650 4 _aFranceses-
_zAmérica-
_vHistoria.
_912977
651 4 _aFrancia-
_xEmigración
_98677
830 1 _aEuropa y América ;
_v2
_9179049
852 _aES-MaACL
_jL-20878
999 _c13514
_d13514